000 00528 a2200193 4500
001 135227
020 _a85-7194-016-9
040 _cLeonardo Da Vinci
041 _aPortuguês
082 _a537.028 C249l
_bC249l
100 _aCAPUANO, Francisco Gabriel
_aMARINO, Maria Aparecida M
245 _aLaboratório de eletricidade e eletrônica
250 _a14. ed
260 _bÉrica
_c1999
_aSão Paulo
300 _a302
362 _a19990000
697 _aEletricidade
_aEletrônica
_aOhmímetro
_aVoltímetro
942 _cBK
999 _c135227
_d135227